书目信息 |
| 题名: |
《大体积混凝土施工规范》实施指南
|
|
| 作者: | 仲晓林 , 林松涛 主编 | |
| 分册: | ||
| 出版信息: | 北京 中国建筑工业出版社 2011.05 |
|
| 页数: | 62页 | |
| 开本: | 26cm | |
| 丛书名: | ||
| 单 册: | ||
| 中图分类: | TU755-65 | |
| 科图分类: | ||
| 主题词: | 混凝土施工--hun ning tu shi gong--施工技术--建筑规范--中国--指南 | |
| 电子资源: | ||
| ISBN: | 978-7-112-12777-1 | |
| 000 | 00976nam0 2200277 450 | |
| 001 | B20110035843 | |
| 005 | 20110712091451.18 | |
| 010 | @a978-7-112-12777-1@dCNY21.00 (含光盘) | |
| 010 | @a978-7-89475-226-0@b光盘 | |
| 100 | @a20110509d2011 km y0chiy50 ea | |
| 101 | 0 | @achi |
| 102 | @aCN@b110000 | |
| 105 | @aa z 000yy | |
| 106 | @ar | |
| 200 | 1 | @a《大体积混凝土施工规范》实施指南@Ada ti ji hun ning tu shi gong gui fan shi shi zhi nan@f仲晓林, 林松涛主编 |
| 210 | @a北京@c中国建筑工业出版社@d2011.05 | |
| 215 | @a62页@c图@d26cm@e光盘1片 | |
| 330 | @a本书融入了作者多年的大体积混凝土工程施工实践经验,数据充实、可靠,具有很强的实用价值。 | |
| 333 | @a可供设计、施工、监理和混凝土从业人员使用。 | |
| 586 | @a | |
| 606 | 0 | @a混凝土施工@Ahun ning tu shi gong@x施工技术@x建筑规范@y中国@j指南 |
| 690 | @aTU755-65@v5 | |
| 701 | 0 | @a仲晓林@Azhong xiao lin@4主编 |
| 701 | 0 | @a林松涛@Alin song tao@4主编 |
| 801 | 0 | @aCN@c20110610 |
| 905 | @dTU755-65@eZ740@f3 | |
| 《大体积混凝土施工规范》实施指南/仲晓林, 林松涛主编.-北京:中国建筑工业出版社,2011.05 |
| 62页:图;26cm+光盘1片 |
| 使用对象:可供设计、施工、监理和混凝土从业人员使用。 |
| ISBN 978-7-112-12777-1:CNY21.00 (含光盘) |
| 本书融入了作者多年的大体积混凝土工程施工实践经验,数据充实、可靠,具有很强的实用价值。 |
| ● |
| 相关链接 |
|
|
|
正题名:《大体积混凝土施工规范》实施指南
索取号:TU755-65/Z740
 
预约/预借
| 序号 | 登录号 | 条形码 | 馆藏地/架位号 | 状态 | 备注 |
| 1 | 882559 | 208825592 | 建筑库201/201建筑库 42排5列2层/ [索取号:TU755-65/Z740] | 在馆 | |
| 2 | 882560 | 208825609 | 建筑库201/201建筑库 42排5列2层/ [索取号:TU755-65/Z740] | 在馆 | |
| 3 | 882561 | 208825618 | 建筑库201/201建筑库 42排5列2层/ [索取号:TU755-65/Z740] | 在馆 |